[Event "GRE-chT Online Rapid op 1st"]
[Site "Tornelo INT"]
[Date "2021.02.21"]
[Round "8.14"]
[White "Avgoustis, Panagiotis"]
[Black "Gavriilidis, Orestis"]
[Result "0-1"]
[WhiteElo "1995"]
[BlackElo "1976"]
[PlyCount "76"]
[EventDate "2021.02.20"]
[EventType "team-swiss (rapid)"]
[EventRounds "9"]
[EventCountry "GRE"]
[SourceTitle "EXT 2023"]
[Source "ChessBase"]
[SourceDate "2022.10.05"]
[SourceVersion "1"]
[SourceVersionDate "2022.10.05"]
[SourceQuality "1"]

1. e4 c5 2. Nf3 Nc6 3. Bb5 g6 4. Bxc6 bxc6 5. 0-0 Bg7 6. Re1 Nf6 7. c3 0-0 8. d4 cxd4 9. cxd4 d6 10. h3 Nd7 11. Nc3 c5 12. dxc5 Nxc5 13. Bg5 Bb7 14. Nd5 Re8 15. Qd2 Ne6 16. Be3 Qd7 17. Qb4 Nc5 18. Bxc5 dxc5 19. Qxc5 Bxd5 20. Qxd5 Qxd5 21. exd5 Bxb2 22. Rab1 Ba3 23. Ne5 Red8 24. Nc6 Rd7 25. Rb3 Bd6 26. a4 Rc8 27. a5 e6 28. dxe6 fxe6 29. Nd4 e5 30. Nf3 Rc5 31. a6 Ra5 32. Rb7 Rxb7 33. axb7 Rb5 34. Rd1 Bc7 35. Rd7 Rxb7 36. g3 Rb1+ 37. Kg2 Bb6 38. Nxe5 Rb2 0-1

[Event "GRE-chT Online Rapid op 1st"]
[Site "Tornelo INT"]
[Date "2021.02.21"]
[Round "9.14"]
[White "Siempos, Konstantinos"]
[Black "Avgoustis, Panagiotis"]
[Result "1-0"]
[WhiteElo "1886"]
[BlackElo "1995"]
[PlyCount "51"]
[EventDate "2021.02.20"]
[EventType "team-swiss (rapid)"]
[EventRounds "9"]
[EventCountry "GRE"]
[SourceTitle "EXT 2023"]
[Source "ChessBase"]
[SourceDate "2022.10.05"]
[SourceVersion "1"]
[SourceVersionDate "2022.10.05"]
[SourceQuality "1"]

1. e4 c5 2. c3 Nf6 3. e5 Nd5 4. d4 cxd4 5. cxd4 d6 6. Nf3 e6 7. Bc4 Be7 8. exd6 Qxd6 9. 0-0 0-0 10. Nc3 Nxc3 11. bxc3 b6 12. Ne5 Bb7 13. Bf4 Qd8 14. Re1 Nc6 15. Nxc6 Bxc6 16. Qg4 Bd5 17. Bd3 Rc8 18. Qh3 g6 19. Ba6 Ra8 20. Bh6 Re8 21. Bb5 Rc8 22. Bxe8 Qxe8 23. a4 Qc6 24. a5 b5 25. Qg3 Qxc3 26. Rec1 1-0

[Event "GRE-chT Online Rapid op 1st"]
[Site "Tornelo INT"]
[Date "2021.02.20"]
[Round "1.12"]
[White "Bakirtzis, Konstantinos"]
[Black "Avgoustis, Panagiotis"]
[Result "0-1"]
[WhiteElo "1229"]
[BlackElo "1995"]
[PlyCount "154"]
[EventDate "2021.02.20"]
[EventType "team-swiss (rapid)"]
[EventRounds "9"]
[EventCountry "GRE"]
[SourceTitle "EXT 2023"]
[Source "ChessBase"]
[SourceDate "2022.10.05"]
[SourceVersion "1"]
[SourceVersionDate "2022.10.05"]
[SourceQuality "1"]

1. c4 e5 2. Nc3 Nf6 3. g3 c6 4. d4 exd4 5. Qxd4 d5 6. Nf3 Be6 7. cxd5 cxd5 8. Ng5 Nc6 9. Qd1 Bc5 10. Bg2 0-0 11. 0-0 a6 12. Na4 Ba7 13. Nxe6 fxe6 14. e3 Rc8 15. b3 Qd6 16. Bb2 e5 17. Nc3 Rfd8 18. f4 Bxe3+ 19. Kh1 e4 20. Bh3 Rc7 21. a4 Nb4 22. a5 Nd3 23. Ba3 Bc5 24. Bxc5 Qxc5 25. Na4 Qe3 26. Kg2 Qd4 27. Qe2 Qb4 28. Rfb1 Rd6 29. Nb6 Rdc6 30. Ra2 Rc1 31. Rba1 Rxa1 32. Rxa1 Qxb3 33. Kg1 d4 34. Qa2 Qxa2 35. Rxa2 e3 36. Be6+ Kf8 37. Bf5 e2 38. Rxe2 Nb4 39. Na8 Rc1+ 40. Kg2 d3 41. Rd2 Rc2 42. Rxc2 dxc2 43. Bxc2 Nxc2 44. Nc7 Ne3+ 45. Kf2 Nc4 46. Ne6+ Kg8 47. Ke2 Nxa5 48. Kd3 Kf7 49. Nd8+ Ke7 50. Nxb7 Nxb7 51. Kc4 Kd6 52. h3 h5 53. Kd4 a5 54. f5 a4 55. h4 a3 56. Kc3 Ne4+ 57. Kb3 Nxg3 58. f6 gxf6 59. Kxa3 Kd5 60. Kb3 Ke4 61. Kc3 Ke3 62. Kc4 f5 63. Kc3 f4 64. Kc2 Ke2 65. Kc3 f3 66. Kd4 f2 67. Ke5 f1Q 68. Kd5 Qf5+ 69. Kc6 Nd8+ 70. Kc7 Kd3 71. Kxd8 Qf7 72. Kc8 Qe7 73. Kb8 Qd7 74. Ka8 Kc4 75. Kb8 Kb5 76. Ka8 Kb6 77. Kb8 Qb7# 0-1

[Event "Kanoni Easter op 1st"]
[Site "Kanoni"]
[Date "2019.05.02"]
[Round "5"]
[White "Markidis, Konstantinos"]
[Black "Avgoustis, Panagiotis"]
[Result "1/2-1/2"]
[WhiteElo "2274"]
[BlackElo "2004"]
[PlyCount "75"]
[EventDate "2019.04.29"]
[EventType "swiss"]
[EventRounds "9"]
[EventCountry "GRE"]
[SourceTitle "CBM 190 Extra"]
[Source "ChessBase"]
[SourceDate "2019.07.15"]
[SourceVersion "1"]
[SourceVersionDate "2019.07.15"]
[SourceQuality "1"]

1. e4 c5 2. Nf3 e6 3. d4 cxd4 4. Nxd4 Nc6 5. Nc3 Qc7 6. g3 a6 7. Bg2 Nf6 8. 0-0 d6 9. Re1 Bd7 10. Nxc6 Bxc6 11. Nd5 Bxd5 12. exd5 e5 13. Be3 Be7 14. Qe2 0-0 15. c4 Nd7 16. b4 b6 17. Rac1 Rab8 18. Red1 Qd8 19. c5 bxc5 20. bxc5 Nxc5 21. Bxc5 dxc5 22. Qxa6 Qb6 23. Qxb6 Rxb6 24. a4 Bd6 25. Bf1 Ra8 26. Bb5 Kf8 27. Rc4 Ke7 28. f4 exf4 29. gxf4 Kf6 30. Re1 Rbb8 31. Kf2 Ra7 32. Kf3 h6 33. h3 Rab7 34. Rcc1 Kf5 35. Bd3+ Kf6 36. Bb5 Kf5 37. Bd3+ Kf6 38. Bb5 1/2-1/2

[Event "Kanoni Easter op 1st"]
[Site "Kanoni"]
[Date "2019.04.30"]
[Round "3"]
[White "Skembris, Spyridon"]
[Black "Avgoustis, Panagiotis"]
[Result "1-0"]
[WhiteElo "2395"]
[BlackElo "2004"]
[PlyCount "75"]
[EventDate "2019.04.29"]
[EventType "swiss"]
[EventRounds "9"]
[EventCountry "GRE"]
[SourceTitle "CBM 190 Extra"]
[Source "ChessBase"]
[SourceDate "2019.07.15"]
[SourceVersion "1"]
[SourceVersionDate "2019.07.15"]
[SourceQuality "1"]

1. c4 Nf6 2. g3 g6 3. Bg2 Bg7 4. Nc3 0-0 5. e4 d6 6. Nge2 e5 7. 0-0 c5 8. d3 Nc6 9. a3 a5 10. Rb1 Ne8 11. Nd5 Be6 12. Bd2 Bxd5 13. cxd5 Nd4 14. Nxd4 exd4 15. b4 axb4 16. axb4 b6 17. Qb3 f5 18. f4 fxe4 19. dxe4 Qc8 20. Rfc1 Rf7 21. e5 Rc7 22. bxc5 bxc5 23. Bf1 Kh8 24. Bb5 dxe5 25. fxe5 Bxe5 26. Bc6 Rxc6 27. dxc6 Qxc6 28. Qb5 Qxb5 29. Rxb5 Bd6 30. Bf4 Bf8 31. Rb8 Rxb8 32. Bxb8 Ng7 33. Kf2 Kg8 34. Kf3 Ne6 35. Ke4 Ng5+ 36. Kd5 Kf7 37. h4 Ne6 38. Rf1+ 1-0

[Event "GRE-chT U16"]
[Site "Patras"]
[Date "2012.12.15"]
[Round "1.1"]
[White "Avgoustis, Panagiotis"]
[Black "Papakonstantinou, Dimitrios"]
[Result "0-1"]
[WhiteElo "1499"]
[BlackElo "2157"]
[PlyCount "72"]
[EventDate "2012.12.15"]
[EventType "team"]
[EventRounds "5"]
[EventCountry "GRE"]
[SourceTitle "EXT 2020"]
[Source "ChessBase"]
[SourceDate "2019.10.17"]
[SourceVersion "1"]
[SourceVersionDate "2019.10.17"]
[SourceQuality "1"]

1. e4 c5 2. Nf3 e6 3. d4 cxd4 4. Nxd4 Nf6 5. Nc3 d6 6. Be3 a6 7. f3 b5 8. Qd2 Nbd7 9. g4 h6 10. 0-0-0 b4 11. Nce2 Qc7 12. Kb1 d5 13. exd5 Nxd5 14. Nf4 N7b6 15. Bd3 Bd6 16. Nxd5 Nxd5 17. Be4 Bb7 18. Rhe1 Nxe3 19. Qxe3 Bf4 20. Qe2 0-0 21. h4 Rfd8 22. g5 hxg5 23. hxg5 Bxg5 24. Qg2 Bxe4 25. Qxg5 Bg6 26. Qg2 Rac8 27. f4 Qxf4 28. Nxe6 Rxd1+ 29. Rxd1 Qe4 30. Qxe4 Bxe4 31. Nd4 f5 32. Kc1 Kf7 33. Rf1 Kf6 34. Kd2 Rc4 35. Ke3 Ke5 36. Rd1 Rxd4 0-1